| 000 | 00644nam a2200145 4500 | ||
|---|---|---|---|
| 999 |
_c38550 _d38550 |
||
| 082 | _aRR.0355 | ||
| 100 |
_aRout, Gyanendra Kumar _uGovernment Degree College _vPauri Garhwal, Uttarakhand |
||
| 245 |
_aProfessional Development of Teachers of Higher Education in Uttrakhand/ _cGyanendra Kumar Rout |
||
| 260 |
_aPauri Garhwal, Uttarakhand: _bIndian Council of Social Science Research, _c2017 |
||
| 300 | _axiv, 131p. | ||
| 500 | _aIncluded Bibliographical References and Appendices | ||
| 536 | _aIndian Council of Social Science Research | ||
| 650 |
_aHigher education _aTeachers _aProfessional education _xEducation _zUttarakhand |
||
| 942 |
_2ddc _cRP |
||